Smart Study Series Forensic Medicine & Toxicology / (Record no. 36015)

MARC details
000 -LEADER
fixed length control field 00491nam a22001697a 4500
005 - DATE AND TIME OF LATEST TRANSACTION
control field 20240702112650.0
008 - FIXED-LENGTH DATA ELEMENTS--GENERAL INFORMATION
fixed length control field 240702b |||||||| |||| 00| 0 eng d
020 ## - INTERNATIONAL STANDARD BOOK NUMBER
ISBN 97831217122
082 ## - DEWEY DECIMAL CLASSIFICATION NUMBER
Classification number 614.19
Item number AGG-S
100 ## - MAIN ENTRY--AUTHOR
Author Name Aggarwal Gaurav
245 ## - TITLE STATEMENT
Title Smart Study Series Forensic Medicine & Toxicology /
Statement of responsibility, etc. Aggarwal Gaurav
260 ## - PUBLICATION, DISTRIBUTION, ETC.
Place of Publication India :
Name of publisher, distributor, etc. Elsevier ;
Date of publication, distribution, etc. 2009
300 ## - PHYSICAL DESCRIPTION
Pages viii,364p.
500 ## - GENERAL NOTE
General note Include index.
650 ## - SUBJECT ADDED ENTRY--TOPICAL TERM
Subject / Department Medical / Forensic Medicine
300 ## - PHYSICAL DESCRIPTION
-- ill;
-- 21.5
952 ## - LOCATION AND ITEM INFORMATION (KOHA)
-- 0
-- 0
952 ## - LOCATION AND ITEM INFORMATION (KOHA)
-- 0
-- 0
Holdings
Lost status Damaged status Collection code Permanent Location Current Location Shelving Location Date acquired Full Call Number Accession No./Barcode Date last seen Copy number item type Koha item type
    Medical Superior Information Resource Center (SIRC) Superior University- Main Campus Superior Information Resource Center (SIRC) Superior University- Main Campus Medicine 07/02/2024 614.19 AGG-S 2009 5959 07/02/2024 1 BOOK BOOK
    Medical Superior Information Resource Center (SIRC) Superior University- Main Campus Superior Information Resource Center (SIRC) Superior University- Main Campus Medicine 07/02/2024 614.19 AGG-S 2009 5960 07/02/2024 2 BOOK BOOK

Powered by Koha